| 000 | 00767nam a22002175i 4500 | ||
|---|---|---|---|
| 001 | 177782 | ||
| 003 | ES-MaACL | ||
| 005 | 20231205142506.0 | ||
| 008 | 110426s1934 sp a |||| | spa d | ||
| 080 | _a544.11 | ||
| 100 | 1 |
_aMarch, Arthur. _976389 |
|
| 245 | 1 | 3 |
_aLa física del átomo _b: iniciación en las nuevas teorías / _cArthur March ; traducción del alemán por X. Zubiri. |
| 260 |
_aMadrid : _bRevista de Occidente, _c[1934] |
||
| 300 |
_a327 p. : _bil. ; _c18 cm. |
||
| 490 | 1 |
_aNuevos hechos, nuevas ideas ; _v38 |
|
| 650 | 0 | 4 |
_aTeoría atómica. _9136921 |
| 700 | 1 |
_aZubiri, Xavier, _d1898-1983 _9118406 |
|
| 830 | 1 |
_aNuevos hechos, nuevas ideas ; _v38 _9184426 |
|
| 852 |
_aES-MaACL _jE-14988 _xOlim P-209 |
||
| 999 |
_c177782 _d177782 |
||